Loading...

Albrecht Dürers Stoßsäge von 1514

Saved in:
Bibliographic Details
Published in:Kulturgut 13(2007), Seite 9-11
Main Author: Azzola, Friedrich Karl (Author)
Document Type: Online Resource Article
Language:German
Published: 2007
Online Access:kostenfrei
kostenfrei
Related Items:In: Kulturgut
Erscheint auch als: Albrecht Dürers Stoßsäge von 1514
LEADER 01797caa a2200409 c 4500
001 150272877X
003 DE-627
005 20260505171838.0
007 cr cn 008aaaaa
008 150511s2007 xx |||||o 00| ||ger c
024 7 |a urn:nbn:de:bsz:16-kg-188829  |2 urn 
024 7 |a 10.11588/kg.2007.13.18882  |2 doi 
035 |a (DE-627)150272877X 
035 |a (DE-576)432728775 
035 |a (DE-599)BSZ432728775 
035 |a (OCoLC)1224196865 
040 |a DE-627  |b ger  |c DE-627  |e rakwb 
041 |a ger 
084 |a 9,10  |2 ssgn 
100 1 |a Azzola, Friedrich Karl  |d 1931-2014  |0 (DE-588)134083245  |0 (DE-627)560223293  |0 (DE-576)167349783  |4 aut 
245 1 0 |a Albrecht Dürers Stoßsäge von 1514 
264 1 |c 2007 
300 |b Ill. 
336 |a Text  |b txt  |2 rdacontent 
337 |a Computermedien  |b c  |2 rdamedia 
338 |a Online-Ressource  |b cr  |2 rdacarrier 
533 |a Online-Ausg.  |b Heidelberg  |c Univ.-Bibl.  |d 2015  |e Online-Ressource  |7 |2015|||||||||| 
583 1 |a Archivierung/Langzeitarchivierung gewährleistet  |x XA-DE-BW  |2 pdager  |5 DE-16 
773 0 8 |i In  |t Kulturgut  |d Nürnberg : Germanisches Nationalmuseum, 2004  |g 13(2007), Seite 9-11  |h Online-Ressource  |w (DE-627)823089428  |w (DE-600)2817987-0  |w (DE-576)429293461  |x 2366-9225  |7 nnas 
773 1 8 |g volume:13  |g year:2007  |g pages:9-11 
776 0 8 |i Erscheint auch als  |n Druck-Ausgabe  |a Azzola, Friedrich Karl, 1931 - 2014  |t Albrecht Dürers Stoßsäge von 1514  |d 2007  |w (DE-627)1389647595  |w (DE-576)319647595 
856 4 0 |u http://dx.doi.org/10.11588/kg.2007.13.18882  |x Verlag  |x Resolving-System  |z kostenfrei  |3 Volltext  |7 0 
856 4 0 |u http://nbn-resolving.de/urn:nbn:de:bsz:16-kg-188829  |x Verlag  |x Resolving-System  |z kostenfrei  |3 Volltext  |7 0 
912 |a ZDB-282-AAE-article 
935 |h SWB  |i ld 
951 |a AR 
999 |a KXP-PPN150272877X  |e 2933877554